00721nam a2200217 a 450000100100000000500170001000800410002702000150006802000150008304000250009808200160012310000400013924500520017926000340023130000210026549000320028683000390031804900090035795201200036699900170048600002335120200930022146.0101202s1994 pe r 000 0 spa d a8483896001 a8482896109 aDO-SdBNPbspacBNPHU axxxxxbO27G1 aGuerra Martiniere, Margarita94810210aManuel A. Odria /cMargarita Guerra Martiniere. aLima, Perú :bBrasa,c1994. a126 p. ;c21 cm.1 aforjadores del Perú ;v10 0aforjadores del Perú ;n10948103 aBNGR 001054708MOaGRbGRcCTd2010-12-02iLF1l0oxxxxx O27Gp23351-10r2020-06-25w2020-06-25y4ZPréstamo en sala c22848d22848